Recommendation system / (Record no. 231030)
[ view plain ]
| 000 -LEADER | |
|---|---|
| fixed length control field | 00602nam a22001817a 4500 |
| 003 - CONTROL NUMBER IDENTIFIER | |
| control field | OSt |
| 005 - DATE AND TIME OF LATEST TRANSACTION | |
| control field | 20240604134032.0 |
| 008 - FIXED-LENGTH DATA ELEMENTS--GENERAL INFORMATION | |
| fixed length control field | 240604b ||||| |||| 00| 0 eng d |
| 040 ## - CATALOGING SOURCE | |
| Transcribing agency | AIMIT LIBRARY |
| 100 ## - MAIN ENTRY--PERSONAL NAME | |
| Personal name | K, Sharanya. |
| Relator term | 202026 |
| 9 (RLIN) | 169207 |
| 245 ## - TITLE STATEMENT | |
| Title | Recommendation system / |
| Statement of responsibility, etc. | By Sharanya K ; Guided by Rakesh Kumar B and Akhilesh Panigrahi. |
| 260 ## - PUBLICATION, DISTRIBUTION, ETC. | |
| Place of publication, distribution, etc. | Mangalore |
| Date of publication, distribution, etc. | 2022 |
| 650 ## - SUBJECT ADDED ENTRY--TOPICAL TERM | |
| Topical term or geographic name entry element | Findings and gaps identified |
| 9 (RLIN) | 169208 |
| 700 ## - ADDED ENTRY--PERSONAL NAME | |
| Personal name | Kumar B, Rakesh. |
| Relator term | Guide |
| 9 (RLIN) | 169209 |
| 700 ## - ADDED ENTRY--PERSONAL NAME | |
| Personal name | Panigrahi, Akhilesh. |
| Relator term | Guide |
| 9 (RLIN) | 169210 |
| 856 ## - ELECTRONIC LOCATION AND ACCESS | |
| Materials specified | Niveus Solutions |
| Link text | www.nivessolution.com |
| 942 ## - ADDED ENTRY ELEMENTS (KOHA) | |
| Source of classification or shelving scheme | Dewey Decimal Classification |
| Koha item type | Project Report |
| Withdrawn status | Lost status | Source of classification or shelving scheme | Damaged status | Not for loan | Collection code | Home library | Current library | Shelving location | Date acquired | Total Checkouts | Barcode | Date last seen | Copy number | Uniform Resource Identifier | Price effective from | Koha item type |
|---|---|---|---|---|---|---|---|---|---|---|---|---|---|---|---|---|
| Dewey Decimal Classification | Not for loan | Project Report M.Sc. Big Data Analytics | St Aloysius Institute of Management & Information Technology | St Aloysius Institute of Management & Information Technology | Dissertations | 06/04/2024 | PBD00051 | 06/04/2024 | 202026 | www.niveussolutions.com | 06/04/2024 | Project Report |